| 000 | 00693nam a22001817a 4500 | ||
|---|---|---|---|
| 999 |
_c18876 _d18876 |
||
| 008 | 240202b ||||| |||| 00| 0 eng d | ||
| 020 | _a9781683926696 | ||
| 082 |
_22021 _aDC 005.133 _bM117 |
||
| 100 |
_aMcAllister, William. _951210 |
||
| 245 |
_aProgramming fundamentals using java : _ba game application approach / _cWilliam McAllister and S. Jane Fritz. |
||
| 250 | _aSecond edition. | ||
| 260 |
_aNew Delhi : _bMercury Learning and Information, _c©2021. |
||
| 300 |
_axxvi, 749 pages : _bcolor illustrations ; _c26 cm. _e1 compact disc. |
||
| 500 | _aIncludes index. | ||
| 650 |
_aJava (Computer program language). _951674 |
||
| 700 |
_aFritz, S. Jane. _eauthor. _951211 |
||
| 942 |
_2ddc _cDC |
||